| 000 | 00868nam a2200217 a 4500 | ||
|---|---|---|---|
| 003 | 0 | ||
| 005 | 20250205144622.0 | ||
| 008 | 130905s19uu xx 00 eng d | ||
| 050 |
_aPHS TD 430 _b.Sa246 2013 |
||
| 100 | _aSarmiento, Alphonsus Martin M. | ||
| 245 |
_aEfficacy of using solar disinfection (SODIS) in water purification / _cAlphonsus Martin M. Sarmiento. |
||
| 260 |
_aLas PiƱas City, Philippines : _bSouthville International School and Colleges, _c2013. |
||
| 300 |
_a27 pages : _billustrations ; _c28 cm. |
||
| 504 | _aIncludes bibliographical references. | ||
| 650 |
_aWater _vPurification _xSolar disinfection. |
||
| 650 |
_aDrinking water _vQuality _xDeveloping countries. |
||
| 650 |
_aWaterborne diseases _vPrevention. |
||
| 650 |
_aSolar energy _vApplications in water treatment. |
||
| 650 |
_aPublic health _vWater sanitation. |
||
| 942 |
_2lcc _cPASS |
||
| 999 |
_c99096 _d99096 |
||